S. America's Triple Borders by Lat/Long - With a Map - Statistics

General Stats
  • This quiz has been taken 35 times
  • The average score is 20 of 39
Answers on the Map
Answers color-coded by a green-red scale on the quiz's map according to % correct below.
 
Answer Stats
Answer % Correct
Brazil
100%
Guyana
71%
Venezuela
69%
Bolivia
66%
Brazil
60%
Brazil
57%
Brazil
57%
Bolivia
54%
Brazil
54%
Chile
54%
Peru
54%
Peru
54%
Brazil
51%
Suriname
51%
Argentina
49%
Argentina
49%
Argentina
49%
Bolivia
49%
Brazil
49%
Colombia
49%
France
49%
Guyana
49%
Paraguay
49%
Paraguay
49%
Suriname
49%
Argentina
46%
Bolivia
46%
Bolivia
46%
Chile
46%
Colombia
46%
Venezuela
46%
Brazil
43%
Colombia
43%
Ecuador
43%
Paraguay
43%
Peru
43%
Peru
43%
Uruguay
43%
Brazil
40%
No matching quizzes found
Score Distribution
Percent of People with Each Score
Percentile by Number Answered
Your Score History
You have not taken this quiz